000 00705nam a2200193Ia 4500
003 GCL
008 140319s9999 xx 000 0 ara d
040 _aGCL /
_cGCL
082 0 4 _a953.0711
_bع ا
100 1 _aعادل سعيد بشتاوى
245 1 0 _aالاندلسيون المواركة: دراسة فى تاريخ الاندلسيين بعد سقوط غرناطة /
_cعادل سعيد بشتاوى
260 _a[S.N] :
_bانترناشونال برس ،
_c1983
300 _a329 ص
490 _aالهيئة العامة للاستعلامات
_v0
650 0 4 _aالاندلس
650 0 4 _aالتاريخ الاسلامى
650 0 4 _aالعرب فى الاندلس
942 _2ddc
_cBK
999 _c53226
_d53226